| 000 | 00487nam a22001577a 4500 | ||
|---|---|---|---|
| 003 | OSt | ||
| 005 | 20260623081613.0 | ||
| 008 | 260623b |||||||| |||| 00| 0 eng d | ||
| 024 | _aMSNE/6001/2021 | ||
| 040 | _cRongo University | ||
| 050 |
_aLC 4704 _b.O74 |
||
| 100 | _aOronge Evernate Adhiambo | ||
| 245 | _aContribution of picture exchange communication system on expressive impairment in Migori County, Kenya | ||
| 260 |
_aRongo, Kenya _bRongo University _c2025 |
||
| 942 |
_2lcc _cTH |
||
| 999 |
_c266416 _d266415 |
||